MARC details
| 000 -LEADER |
| fixed length control field |
00832cab a2200193 4500 |
| 001 - CONTROL NUMBER |
| control field |
L136042 |
| 008 - FIXED-LENGTH DATA ELEMENTS--GENERAL INFORMATION |
| fixed length control field |
070104n2006 000 0 eng u |
| 035 ## - SYSTEM CONTROL NUMBER |
| System control number |
(Sirsi) u136042 |
| 041 0# - LANGUAGE CODE |
| Language code of text/sound track or separate title |
eng |
| 245 00 - TITLE STATEMENT |
| Title |
EG Finance |
| -- |
JLL monthly prime yields |
| 260 ## - PUBLICATION, DISTRIBUTION, ETC. |
| Date of publication, distribution, etc. |
2006 |
| 490 #0 - SERIES STATEMENT |
| Series statement |
Estates Gazette |
| Volume/sequential designation |
(0649) 9 December 2006, 42(1) |
| 520 ## - SUMMARY, ETC. |
| Summary, etc. |
Sets out Jones Lang LaSalle's figures on prime yields for the last month. All property yields remained unchanged on the previous month. Prime office yields remained unchanged. The retail sector continued to show sluggish performance. Industrials continued to see strong institutional demand on prime mulltilet lots. |
| 590 ## - LOCAL NOTE (RLIN) |
| Local note |
KA |
| 650 24 - SUBJECT ADDED ENTRY--TOPICAL TERM |
| Topical term or geographic name entry element |
JLL MONTHLY PRIME YIELDS |
| 651 #4 - SUBJECT ADDED ENTRY--GEOGRAPHIC NAME |
| Geographic name |
United Kingdom |
| Chronological subdivision |
|
| 690 ## - LOCAL SUBJECT ADDED ENTRY--TOPICAL TERM (OCLC, RLIN) |
| Topical term or geographic name as entry element |
PROPERTY-COMMERCIAL PROPERTY-COMMERCIAL PROPERTY MARKET |
| 942 ## - ADDED ENTRY ELEMENTS (KOHA) |
| Suppress in OPAC |
0 |